Statistics for Longest Borders of US states

Click here to take the quiz!

General Stats

  • This quiz has been taken 23 times
  • The average score is 10 of 15

Answer Stats

QuestionAnswer% Correct
TennesseeKentucky
95%
ArizonaNew Mexico
85%
WashingtonOregon
85%
New YorkPennsylvania
85%
AlabamaMississippi
80%
WyomingMontana
80%
ArkansasMissouri
75%
South CarolinaNorth Carolina
75%
AlaskaYukon
65%
TexasOklahoma
50%
TexasOklahoma
50%
KansasOklahoma
50%
MaineNew Brunswick
30%
OhioWest Virginia
30%
IllinoisMissouri
15%

Score Distribution

Percentile by Number Answered

Percent of People with Each Score

Your Score History

You have not taken this quiz